Sports Quiz

Random Sports or Letter Quiz

Manchester United Premier League Winners A-Z Quiz Stats

 Plays Quiz not verified by Sporcle

Support Sporcle.
Go Orange.
Score 0/22 Timer 06:00
0 Plays Today
Letter Players % Correct
BFabian Barthez, David Beckham, Dimitar Berbatov, Henning Berg, Clayton Blackmore, Laurent Blanc, Jesper Blomqvist, Mark Bosnich, Wes Brown, Steve Bruce, Nicky Butt, Alexander Buttner
98.3%
CEric Cantona, Michael Carrick, Roy Carroll, Luke Chadwick, Tom Cleverley, Andrew Cole, Jordi Cruyff
97.1%
SLouis Saha, Peter Schmeichel, Paul Scholes, Lee Sharpe, Teddy Sheringham, Mikael Silvestre, Chris Smalling, Alan Smith, Ole Gunnar Solskjaer, Jaap Stam
96.7%
VAntonio Valencia, Raimond van der Gouw, Ruud van Nistelrooy, Robin van Persie, Edwin van der Sar, Juan Sebastian Veron, Nemanja Vidic
96%
RRafael, Kieran Richardson, Bryan Robson, Cristiano Ronaldo, Wayne Rooney
94.7%
FRio Ferdinand, Darren Ferguson, Darren Fletcher, Diego Forlan, Quinton Fortune, Fabio
94%
YDwight Yorke, Ashley Young
92.4%
NNani, Gary Neville, Phil Neville
90.5%
KShinji Kagawa, Andrei Kanchelskis, Roy Keane, Tomasz Kuszczak
90.4%
PGary Pallister, Park Ji-Sung, Paul Parker, Mike Phelan, Gerard Pique, Karel Poborsky
89.2%
GDarron Gibson, Ryan Giggs
89%
Letter Players % Correct
IPaul Ince, Dennis Irwin
87.6%
HOwen Hargreaves, Gabriel Heinze, Javier Hernandez, Mark Hughes
87.3%
EJohnny Evans, Patrice Evra
84.7%
AAnderson
83.5%
JRonny Johnsen, Phil Jones
83.3%
OJohn O'Shea, Michael Owen
82.6%
DDavid De Gea, Dion Dublin
74.4%
WRonnie Wallwork, Danny Welbeck
61.7%
MDavid May, Brian McClair
58.8%
TCarlos Tevez
57.9%
LHenrik Larsson, Anders Lindegaard
46.2%

You're not logged in!

Compare scores with friends on all Sporcle quizzes.
OR
Log In

From the Vault

Click the Video Game Series Subtitles

by metashades

Some of these games take you to the high seas, others to the battlefield. All deserve more entries.
Remove Ads.
Support Sporcle.
Get the best of Sporcle when you Go Orange. This ad-free experience offers more features, more stats, and more fun while also helping to support Sporcle. Thank you for becoming a member.

Show Comments

Extras

Top Quizzes Today


Score Distribution

Your Account Isn't Verified!

In order to create a playlist on Sporcle, you need to verify the email address you used during registration. Go to your Sporcle Settings to finish the process.

Report this User

Report this user for behavior that violates our Community Guidelines.

Details: